[Event "Scottish International Open"]
[Site "Edinburgh, Scotland"]
[Date "2015.07.11"]
[Round "1"]
[White "Korneev, Oleg"]
[Black "Van den Ouden, Lendert"]
[Result "1-0"]
[WhiteElo "2567"]
[BlackElo "2077"]
[PlyCount "43"]
[EventDate "2015.??.??"]
[Source "ChessScotland"]
[SourceDate "2015.07.19"]
[WhiteClock "0:41:36"]
[BlackClock "1:08:57"]

1. d4 d5 2. c4 c6 3. Nf3 Nf6 4. Nc3 a6 5. a4 e6 6. Bf4 a5 7. e3 Na6 8. Bd3 Nb4
9. O-O Nxd3 10. Qxd3 Be7 11. e4 dxe4 12. Nxe4 Nxe4 13. Qxe4 O-O 14. Rfd1 Re8
15. Ne5 Qb6 16. Nxf7 Kxf7 17. Qxh7 Bd7 18. Be5 Rg8 19. Qh5+ Kf8 20. Rd3 Bf6 21.
Bd6+ Be7 22. Rf3# 1-0

[Event "Scottish International Open"]
[Site "Edinburgh, Scotland"]
[Date "2015.07.11"]
[Round "1"]
[White "Morriss, Pete"]
[Black "Van den Doel, Erik"]
[Result "0-1"]
[WhiteElo "2075"]
[BlackElo "2564"]
[PlyCount "68"]
[EventDate "2015.??.??"]
[Source "ChessScotland"]
[SourceDate "2015.07.19"]
[WhiteClock "0:05:40"]
[BlackClock "0:08:33"]

1. b4 d5 2. Bb2 Bg4 3. h3 Bh5 4. Nf3 Bxf3 5. exf3 Nf6 6. c4 dxc4 7. Bxc4 e6 8.
O-O a6 9. Re1 Bxb4 10. Qb3 Nc6 11. Nc3 O-O 12. Ne4 Nd5 13. Bxd5 Qxd5 14. Qe3
Be7 15. Qf4 e5 16. Qf5 f6 17. h4 g6 18. Qh3 f5 19. Ng3 Qxd2 20. Re2 Qf4 21. h5
Rad8 22. Rc1 Rd5 23. Rec2 Qh4 24. Qxh4 Bxh4 25. hxg6 hxg6 26. Rxc6 bxc6 27.
Rxc6 Rb8 28. Bc3 Kf7 29. Rxc7+ Be7 30. Ne2 Rd1+ 31. Kh2 Rh8+ 32. Kg3 f4+ 33.
Nxf4 exf4+ 34. Kxf4 Rh5 0-1

[Event "Scottish International Open"]
[Site "Edinburgh, Scotland"]
[Date "2015.07.11"]
[Round "1"]
[White "Aagaard, Jacob"]
[Black "Birkett, Richard"]
[Result "1-0"]
[WhiteElo "2506"]
[BlackElo "2058"]
[PlyCount "45"]
[EventDate "2015.??.??"]
[Source "ChessScotland"]
[SourceDate "2015.07.19"]
[WhiteClock "0:58:04"]
[BlackClock "0:06:45"]

1. e4 d6 2. d4 g6 3. Nf3 Bg7 4. Bc4 e6 5. Qe2 Ne7 6. Nbd2 c5 7. dxc5 dxc5 8. e5
Nbc6 9. Ne4 Nxe5 10. Nxe5 Bxe5 11. Bg5 Qa5+ 12. c3 Nc6 13. Nf6+ Kf8 14. Bh6+
Ke7 15. Ne4 b5 16. f4 Bc7 17. Bg7 Rg8 18. Qf2 bxc4 19. Qh4+ g5 20. Qxg5+ f6 21.
Nxf6 Rxg7 22. Qxg7+ Kd6 23. Ne8+ 1-0

[Event "Scottish International Open"]
[Site "Edinburgh, Scotland"]
[Date "2015.07.11"]
[Round "1"]
[White "Kafka, Graeme"]
[Black "McNab, Colin Anderson"]
[Result "0-1"]
[WhiteElo "2042"]
[BlackElo "2443"]
[PlyCount "58"]
[EventDate "2015.??.??"]
[Source "ChessScotland"]
[SourceDate "2015.07.19"]
[WhiteClock "0:02:56"]
[BlackClock "0:36:40"]

1. e4 g6 2. d4 Bg7 3. Nc3 d6 4. Be3 Nf6 5. Qd2 c6 6. Bh6 Bxh6 7. Qxh6 Qa5 8.
Bd3 c5 9. d5 Nbd7 10. Nf3 c4 11. Bxc4 Qc5 12. Bd3 Qxf2+ 13. Kxf2 Ng4+ 14. Kg3
Nxh6 15. Rhe1 O-O 16. e5 Nc5 17. exd6 exd6 18. Bf1 Bd7 19. Nd4 Rac8 20. Ncb5
Bxb5 21. Bxb5 a6 22. Bf1 Rfe8 23. Rad1 Re5 24. c4 Ne4+ 25. Kf3 Nd2+ 26. Kg3
Rxe1 27. Rxe1 Nxf1+ 28. Rxf1 Rxc4 29. Rd1 Rxd4 0-1

[Event "Scottish International Open"]
[Site "Edinburgh, Scotland"]
[Date "2015.07.11"]
[Round "1"]
[White "Farago, Ivan"]
[Black "Palaniswamy, Raja S"]
[Result "1-0"]
[WhiteElo "2417"]
[BlackElo "2034"]
[PlyCount "71"]
[EventDate "2015.??.??"]
[Source "ChessScotland"]
[SourceDate "2015.07.19"]
[WhiteClock "0:04:16"]
[BlackClock "0:00:31"]

1. d4 Nf6 2. c4 g6 3. Nc3 Bg7 4. e4 d6 5. Be2 O-O 6. Nf3 e5 7. O-O Nc6 8. d5
Ne7 9. b4 Ne8 10. c5 f5 11. Ng5 h6 12. Ne6 Bxe6 13. dxe6 c6 14. cxd6 Nxd6 15.
Be3 Re8 16. Qb3 Kh7 17. Rad1 Nec8 18. exf5 gxf5 19. Bh5 Rf8 20. Bc5 Qg5 21. Bf7
Rd8 22. b5 f4 23. Qb1+ Kh8 24. Ne4 Nxe4 25. Qxe4 Ne7 26. Rd7 Nf5 27. Rfd1 Nd4
28. Be7 Qg4 29. f3 Rxd7 30. fxg4 Rxe7 31. Qg6 Rd8 32. g5 Nf3+ 33. Kf2 Rxd1 34.
gxh6 Rd2+ 35. Kxf3 e4+ 36. Kxe4 1-0

[Event "Scottish International Open"]
[Site "Edinburgh, Scotland"]
[Date "2015.07.11"]
[Round "1"]
[White "Stevenson, Jim"]
[Black "Arakhamia Grant, Ketevan"]
[Result "0-1"]
[WhiteElo "2028"]
[BlackElo "2374"]
[PlyCount "68"]
[EventDate "2015.??.??"]
[Source "ChessScotland"]
[SourceDate "2015.07.19"]
[WhiteClock "0:21:27"]
[BlackClock "0:03:00"]

1. c4 g6 2. Nc3 Bg7 3. g3 e5 4. Bg2 d6 5. e4 Ne7 6. Nge2 Nbc6 7. d3 O-O 8. O-O
f5 9. f4 Be6 10. Nd5 Qd7 11. Rb1 a5 12. a3 Kh8 13. b4 axb4 14. axb4 fxe4 15.
dxe4 Bg4 16. Qc2 exf4 17. gxf4 Bxe2 18. Qxe2 Nd4 19. Qd3 Ra2 20. Bh3 Qd8 21.
Be3 Ne2+ 22. Kh1 Nxd5 23. exd5 Qh4 24. Rf3 Nxf4 25. Qe4 Be5 26. Bd4 Re2 27.
Bxe5+ dxe5 28. Qxe2 Nxe2 29. Rxf8+ Kg7 30. Rbf1 Qxh3 31. R8f7+ Kh6 32. R1f3 Qg4
33. Rf1 Qe4+ 34. R1f3 Nf4 0-1

[Event "Scottish International Open"]
[Site "Edinburgh, Scotland"]
[Date "2015.07.11"]
[Round "1"]
[White "McKay, Roderick M"]
[Black "McAndrew, Robert"]
[Result "1-0"]
[WhiteElo "2338"]
[BlackElo "2016"]
[PlyCount "49"]
[EventDate "2015.??.??"]
[Source "ChessScotland"]
[SourceDate "2015.07.19"]
[WhiteClock "0:43:20"]
[BlackClock "0:22:49"]

1. f4 Nf6 2. Nf3 c5 3. d3 d6 4. e4 e6 5. g3 Nc6 6. Bg2 Be7 7. O-O O-O 8. Kh1
Re8 9. c3 Rb8 10. Nbd2 d5 11. Ne5 Bd7 12. Nxd7 Nxd7 13. exd5 exd5 14. Bxd5 Nf6
15. Bxc6 bxc6 16. Qf3 Nd5 17. Nc4 Bf6 18. Bd2 Rb7 19. Rae1 Rbe7 20. Re4 Nb6 21.
Rxe7 Rxe7 22. Na5 Qd5 23. Nxc6 Qxf3+ 24. Rxf3 Re2 25. Re3 1-0

[Event "Scottish International Open"]
[Site "Edinburgh, Scotland"]
[Date "2015.07.11"]
[Round "1"]
[White "Bhopal, Raj"]
[Black "Tate, Alan"]
[Result "1/2-1/2"]
[WhiteElo "2006"]
[BlackElo "2335"]
[PlyCount "55"]
[EventDate "2015.??.??"]
[Source "ChessScotland"]
[SourceDate "2015.07.19"]
[WhiteClock "0:22:55"]
[BlackClock "0:14:17"]

1. Nf3 g6 2. d4 Nf6 3. Bf4 Bg7 4. e3 O-O 5. h3 d6 6. Be2 Nfd7 7. Nc3 e5 8. Bg3
Nc6 9. O-O h6 10. Qd2 f5 11. dxe5 Ndxe5 12. Rad1 Be6 13. Nd5 Bf7 14. c4 a5 15.
Rfe1 a4 16. Rc1 Nxf3+ 17. Bxf3 Ne5 18. Be2 c6 19. Nb4 Qa5 20. Red1 Rad8 21. f4
Nd7 22. Nxc6 Qxd2 23. Ne7+ Kh7 24. Rxd2 Rfe8 25. Bh4 Nf6 26. Bxf6 Bxf6 27. Nd5
Bxd5 28. cxd5 1/2-1/2

[Event "Scottish International Open"]
[Site "Edinburgh, Scotland"]
[Date "2015.07.11"]
[Round "1"]
[White "O`Neil, Jim"]
[Black "Pritchett, Craig William"]
[Result "0-1"]
[WhiteElo "1967"]
[BlackElo "2324"]
[PlyCount "58"]
[EventDate "2015.??.??"]
[Source "ChessScotland"]
[SourceDate "2015.07.19"]
[WhiteClock "0:05:28"]
[BlackClock "0:05:41"]

1. e4 c5 2. Nf3 e6 3. d4 cxd4 4. Nxd4 Nc6 5. Be3 Nf6 6. Nd2 d5 7. Nxc6 bxc6 8.
e5 Nd7 9. f4 Bc5 10. Bxc5 Nxc5 11. c4 Rb8 12. Rb1 Qa5 13. a3 Nb3 14. Bd3 Ba6
15. Ke2 Nd4+ 16. Kf2 O-O 17. Re1 Rfd8 18. b4 Qc7 19. Re3 Nf5 20. Bxf5 exf5 21.
c5 d4 22. Rh3 Qd7 23. Qh5 h6 24. g4 fxg4 25. Rh4 Bd3 26. Rg1 Bf5 27. h3 d3 28.
Nb3 d2 29. hxg4 Bg6 0-1

[Event "Scottish International Open"]
[Site "Edinburgh, Scotland"]
[Date "2015.07.11"]
[Round "1"]
[White "Rooze, Jan"]
[Black "Doyle, James"]
[Result "1-0"]
[WhiteElo "2316"]
[BlackElo "1962"]
[PlyCount "85"]
[EventDate "2015.??.??"]
[Source "ChessScotland"]
[SourceDate "2015.07.19"]
[WhiteClock "0:03:14"]
[BlackClock "0:03:56"]

1. e4 c6 2. d4 d5 3. e5 Bf5 4. Nf3 e6 5. Be2 Be7 6. O-O Nd7 7. Nbd2 h5 8. c4
dxc4 9. Nxc4 Nb6 10. b3 Nh6 11. a4 Bg6 12. a5 Nd5 13. Bd3 Bxd3 14. Qxd3 Nf5 15.
Bd2 g5 16. a6 b6 17. Qe4 g4 18. Ne1 Bg5 19. Nc2 Bxd2 20. Nxd2 Qg5 21. f4 Qe7
22. Qd3 Kf8 23. Nc4 Rd8 24. Rad1 Kg7 25. Rd2 c5 26. Kh1 h4 27. Kg1 cxd4 28. Nd6
Nxd6 29. exd6 Qf6 30. Qe2 g3 31. Nxd4 gxh2+ 32. Kh1 Rxd6 33. f5 e5 34. Nb5 Rd7
35. Qg4+ Kf8 36. Qc4 h3 37. g4 Ne3 38. Qc8+ Kg7 39. Qxd7 Nxf1 40. Rd6 Qh4 41.
Rg6+ Kf8 42. Qc8+ Ke7 43. f6+ 1-0

[Event "Scottish International Open"]
[Site "Edinburgh, Scotland"]
[Date "2015.07.11"]
[Round "1"]
[White "Walker, Duncan"]
[Black "Berry, Neil"]
[Result "0-1"]
[WhiteElo "1954"]
[BlackElo "2306"]
[PlyCount "82"]
[EventDate "2015.??.??"]
[Source "ChessScotland"]
[SourceDate "2015.07.19"]
[WhiteClock "0:01:42"]
[BlackClock "0:03:54"]

1. d4 Nf6 2. Nf3 d5 3. g3 c5 4. c3 Nc6 5. Bg2 cxd4 6. cxd4 Bf5 7. O-O e6 8. Bf4
h6 9. Qb3 Qb6 10. Qxb6 axb6 11. Nc3 Be7 12. Nb5 O-O 13. Bc7 Ra6 14. Rfc1 Rfa8
15. a3 Ne8 16. Bf4 Ra5 17. Nc7 Nxc7 18. Bxc7 Rc8 19. Bf4 b5 20. Ne5 Ra4 21.
Nxc6 bxc6 22. Be3 b4 23. axb4 Rxb4 24. Ra2 Bf6 25. Rd1 Rcb8 26. Ra6 Rxb2 27.
Rxc6 Rxe2 28. h3 Reb2 29. g4 Rb1 30. Rxb1 Bxb1 31. Kh2 Bd3 32. Rc3 Bc4 33. Kg3
Rb1 34. Bf3 e5 35. Rc2 exd4 36. Bd2 g5 37. Bg2 Be5+ 38. f4 d3 39. Rxc4 dxc4 40.
fxe5 Rb2 41. Bc3 Rb3 0-1

[Event "Scottish International Open"]
[Site "Edinburgh, Scotland"]
[Date "2015.07.11"]
[Round "1"]
[White "Orr, Mark J L"]
[Black "Gilfillan, Andrew"]
[Result "1-0"]
[WhiteElo "2260"]
[BlackElo "1953"]
[PlyCount "91"]
[EventDate "2015.??.??"]
[Source "ChessScotland"]
[SourceDate "2015.07.19"]
[WhiteClock "0:03:14"]
[BlackClock "0:01:58"]

1. c4 e5 2. Nc3 Nf6 3. Nf3 Nc6 4. g3 Bb4 5. Bg2 O-O 6. O-O d6 7. d3 h6 8. h3
Be6 9. e4 a5 10. Be3 Nd7 11. Nh4 Nd4 12. Bxd4 exd4 13. Ne2 Bc5 14. Kh2 c6 15.
f4 f5 16. exf5 Bxf5 17. Nxf5 Rxf5 18. g4 Rf7 19. Ng3 Qf8 20. Qd2 Re8 21. Be4
Bb4 22. Qf2 Re6 23. Qxd4 Bc5 24. Qc3 Rxf4 25. Bf5 Rxf5 26. Nxf5 Re2+ 27. Kh1
Bf2 28. d4 g6 29. Qf3 Rxb2 30. Rxf2 Rxf2 31. Qxf2 gxf5 32. gxf5 Nf6 33. Re1 d5
34. cxd5 cxd5 35. Re6 Kh7 36. Qg3 Qf7 37. Kg2 b5 38. Kf3 Qh5+ 39. Kf4 Qf7 40.
Qg6+ Qxg6 41. fxg6+ Kg7 42. Kf5 Ne4 43. Re7+ Kf8 44. Ra7 a4 45. g7+ Kg8 46. Kg6
1-0

[Event "Scottish International Open"]
[Site "Edinburgh, Scotland"]
[Date "2015.07.11"]
[Round "1"]
[White "Giacometto, Mario"]
[Black "Burnett, Andrew"]
[Result "0-1"]
[WhiteElo "1952"]
[BlackElo "2249"]
[PlyCount "60"]
[EventDate "2015.??.??"]
[Source "ChessScotland"]
[SourceDate "2015.07.19"]
[WhiteClock "0:02:21"]
[BlackClock "0:49:36"]

1. e4 c5 2. Nf3 d6 3. d4 Nf6 4. Nc3 cxd4 5. Nxd4 Nc6 6. Bc4 g6 7. f3 Bg7 8. Be3
O-O 9. Qd2 Bd7 10. Bb3 Ne5 11. O-O-O Rc8 12. g4 b5 13. h4 b4 14. Nd5 Nxd5 15.
Bxd5 Nc4 16. Bxc4 Rxc4 17. Kb1 Qc7 18. h5 g5 19. h6 Bf6 20. Rh5 Rc8 21. Rc1 Kf8
22. Nf5 Bc3 23. Qd1 f6 24. Qd5 Bxb2 25. Kxb2 Rxc2+ 26. Rxc2 Qxc2+ 27. Ka1 Qc3+
28. Kb1 Bxf5 29. Bd2 Qc2+ 30. Ka1 Qd1+ 0-1

[Event "Scottish International Open"]
[Site "Edinburgh, Scotland"]
[Date "2015.07.11"]
[Round "1"]
[White "MacQueen, Calum"]
[Black "Kynoch, Richard"]
[Result "1/2-1/2"]
[WhiteElo "2232"]
[BlackElo "1934"]
[PlyCount "69"]
[EventDate "2015.??.??"]
[Source "ChessScotland"]
[SourceDate "2015.07.19"]

1. Nf3 d5 2. d4 c6 3. c4 dxc4 4. e3 Be6 5. Nc3 b5 6. Ng5 Bd5 7. e4 h6 8. Nh3 b4
9. exd5 bxc3 10. dxc6 cxb2 11. Bxb2 Qa5+ 12. Qd2 Qxd2+ 13. Kxd2 Nxc6 14. Bxc4
Rb8 15. Rab1 e6 16. Bc3 Bd6 17. d5 exd5 18. Rxb8+ Bxb8 19. Bb5 Nge7 20. Bxg7
Rg8 21. Bf6 Rg6 22. Bh4 Kd7 23. Rc1 Nf5 24. Bg3 Bxg3 25. hxg3 Nfd4 26. Ba4 Kd6
27. Nf4 Rf6 28. Kd3 a6 29. Rh1 Ne6 30. Bxc6 Kxc6 31. Rc1+ Kd6 32. Rh1 Nxf4+ 33.
gxf4 Rxf4 34. Rxh6+ f6 35. f3 1/2-1/2

[Event "Scottish International Open"]
[Site "Edinburgh, Scotland"]
[Date "2015.07.11"]
[Round "1"]
[White "Ridge, Michael"]
[Black "Grant, Jonathan I M"]
[Result "0-1"]
[WhiteElo "1917"]
[BlackElo "2211"]
[PlyCount "78"]
[EventDate "2015.??.??"]
[Source "ChessScotland"]
[SourceDate "2015.07.19"]

1. Nf3 Nf6 2. g3 d5 3. Bg2 Bf5 4. c4 c6 5. Qb3 Qb6 6. Qxb6 axb6 7. cxd5 cxd5 8.
Nc3 Bd7 9. O-O Nc6 10. d4 e6 11. Bf4 Be7 12. Nb5 O-O 13. Bd6 Ne4 14. Bxe7 Nxe7
15. a4 Bxb5 16. axb5 Nd6 17. Ne5 Nxb5 18. Nd7 Rxa1 19. Rxa1 Rd8 20. Nxb6 Nxd4
21. e3 Ndc6 22. b4 Nxb4 23. Ra7 Rb8 24. e4 Nbc6 25. Ra4 Rd8 26. exd5 Nxd5 27.
Bxd5 exd5 28. Kf1 g6 29. Ke2 Kg7 30. h3 Rd6 31. Na8 b5 32. Ra1 b4 33. Nc7 Rd7
34. Nb5 Rb7 35. Nd6 Rb8 36. f4 Kf8 37. Kd3 Ke7 38. Nxf7 Kxf7 39. Ra6 b3 0-1

[Event "Scottish International Open"]
[Site "Edinburgh, Scotland"]
[Date "2015.07.11"]
[Round "1"]
[White "Thorarinsson, Pall A"]
[Black "Gillies, Alex"]
[Result "1-0"]
[WhiteElo "2208"]
[BlackElo "1908"]
[PlyCount "97"]
[EventDate "2015.??.??"]
[Source "ChessScotland"]
[SourceDate "2015.07.19"]

1. Nf3 Nf6 2. c4 e6 3. Nc3 b6 4. g3 Bb7 5. Bg2 Be7 6. O-O Ne4 7. Qc2 Nxc3 8.
bxc3 f5 9. d3 O-O 10. e4 fxe4 11. dxe4 Nc6 12. Rd1 Qe8 13. Be3 Rd8 14. h3 Qh5
15. Nd2 Qg6 16. Rab1 Na5 17. c5 d5 18. Qc1 Ba6 19. Re1 Bd3 20. Rb4 Nc6 21. Rb2
dxe4 22. Qd1 Bf6 23. Qb3 Be5 24. Nc4 b5 25. Nd2 Na5 26. Qa3 Nc4 27. Nxc4 bxc4
28. Rd2 Qf6 29. Rc1 Rb8 30. h4 h6 31. Bh3 Rfe8 32. Rb2 Rxb2 33. Qxb2 Qd8 34.
Qa3 Qb8 35. Qa6 Kf7 36. Qc6 Re7 37. Bg2 Qb2 38. Bxe4 Bxe4 39. Qxe4 Bxc3 40.
Qxc4 Bf6 41. c6 a5 42. Rd1 Qb8 43. Bc5 Re8 44. Rd7+ Kg8 45. Qb3 Qxb3 46. axb3
Rb8 47. Rxc7 Be5 48. Re7 Rb5 49. c7 1-0

[Event "Scottish International Open"]
[Site "Edinburgh, Scotland"]
[Date "2015.07.11"]
[Round "1"]
[White "Shafi, Declan"]
[Black "Lapidus, Mark"]
[Result "0-1"]
[WhiteElo "1908"]
[BlackElo "2202"]
[PlyCount "104"]
[EventDate "2015.??.??"]
[Source "ChessScotland"]
[SourceDate "2015.07.19"]

1. d4 g6 2. e4 Bg7 3. Nc3 d6 4. Nf3 Nd7 5. Bc4 h6 6. Be3 c6 7. a4 Qc7 8. O-O
Ngf6 9. h3 O-O 10. Qd3 Kh7 11. a5 a6 12. Rfd1 c5 13. d5 b5 14. axb6 Nxb6 15.
Ra3 Nxc4 16. Qxc4 Rb8 17. Rb3 Nd7 18. Nd2 Rb6 19. Ra1 Bb7 20. Na4 Rxb3 21. Nxb3
Rb8 22. Bd2 Bc8 23. Bc3 Bxc3 24. Qxc3 Rb4 25. Nd2 Nf6 26. f3 Bxh3 27. gxh3 Qd7
28. Nxc5 dxc5 29. Qxc5 Rb5 30. Qf2 Qxh3 31. b3 Qc8 32. Nc4 Nh5 33. Ra5 Nf4 34.
Qh2 Qc5+ 35. Kh1 Rxa5 36. Nxa5 Qe3 37. Qg3 Ne2 38. Qg2 Qc1+ 39. Kh2 Qf4+ 40.
Kh3 Nd4 41. c4 Nxf3 42. Qg3 Ng5+ 43. Kh2 Qd2+ 44. Kg1 Qxa5 45. e5 Qa1+ 46. Kg2
Qb2+ 47. Kg1 Qc1+ 48. Kg2 Qd2+ 49. Kg1 Qd1+ 50. Kg2 Qe2+ 51. Kg1 Nf3+ 52. Kh1
Qf1+ 0-1

[Event "Scottish International Open"]
[Site "Edinburgh, Scotland"]
[Date "2015.07.11"]
[Round "1"]
[White "Schroer, Marcel"]
[Black "Parks, Joe"]
[Result "1-0"]
[WhiteElo "2183"]
[BlackElo "1897"]
[PlyCount "81"]
[EventDate "2015.??.??"]
[Source "ChessScotland"]
[SourceDate "2015.07.19"]

1. c4 f5 2. g3 Nf6 3. Nf3 g6 4. Bg2 Bg7 5. O-O c6 6. Nc3 d6 7. d4 O-O 8. Rb1
Nbd7 9. Ng5 Nb6 10. d5 h6 11. Nh3 cxd5 12. cxd5 g5 13. f4 g4 14. Nf2 Bd7 15.
Be3 Rc8 16. Bd4 Qc7 17. Rc1 h5 18. b3 Be8 19. Qd2 Qd7 20. e4 Bf7 21. Bxb6 axb6
22. e5 dxe5 23. fxe5 Nh7 24. Qf4 Bg6 25. Nd3 Rfd8 26. Qb4 Bh6 27. Nf4 Bxf4 28.
Qxf4 Nf8 29. Ne2 Nh7 30. Nd4 Nf8 31. e6 Qe8 32. Rc7 Rxc7 33. Qxc7 Ra8 34. a4 b5
35. Nxb5 Rc8 36. Qxb7 f4 37. gxf4 Bc2 38. Rc1 Rb8 39. Qc6 Bxb3 40. Qxe8 Rxe8
41. a5 1-0

[Event "Scottish International Open"]
[Site "Edinburgh, Scotland"]
[Date "2015.07.11"]
[Round "1"]
[White "Jelfs, Alan"]
[Black "Edwards, Jonathan"]
[Result "0-1"]
[WhiteElo "1889"]
[BlackElo "2182"]
[PlyCount "72"]
[EventDate "2015.??.??"]
[Source "ChessScotland"]
[SourceDate "2015.07.19"]

1. d4 g6 2. c4 Bg7 3. Nf3 Nf6 4. Nc3 O-O 5. e4 d6 6. Be2 e5 7. d5 Na6 8. Be3
Ng4 9. Bg5 f6 10. Bh4 h5 11. Nd2 Nh6 12. f3 Nf7 13. a3 Bh6 14. Bf2 f5 15. b4 c5
16. dxc6 bxc6 17. Nb3 Nc7 18. Na5 Bd7 19. c5 fxe4 20. Nb7 Qb8 21. Nxd6 exf3 22.
Bxf3 Ng5 23. Be2 a5 24. Na4 Nd5 25. Bc4 Be6 26. bxa5 Rxf2 27. Kxf2 Qf8+ 28. Ke1
Ne3 29. Qe2 Qf4 30. Rf1 Nxf1 31. Qxf1 Qg4 32. Ra2 Rf8 33. Qe2 Qd4 34. Qc2 Qg1+
35. Kd2 Ne4+ 36. Kd3 Qe3# 0-1

[Event "Scottish International Open"]
[Site "Edinburgh, Scotland"]
[Date "2015.07.11"]
[Round "1"]
[White "Green, Andrew D"]
[Black "Durno, Joy"]
[Result "1-0"]
[WhiteElo "2173"]
[BlackElo "1886"]
[PlyCount "95"]
[EventDate "2015.??.??"]
[Source "ChessScotland"]
[SourceDate "2015.07.19"]

1. d4 Nf6 2. c4 c5 3. d5 e6 4. Nc3 exd5 5. cxd5 d6 6. Nf3 g6 7. Bf4 a6 8. a4
Bg7 9. h3 O-O 10. e3 Nh5 11. Bh2 f5 12. Be2 f4 13. O-O fxe3 14. fxe3 Qe7 15.
Qd3 Nd7 16. g4 Nhf6 17. e4 Ne8 18. Nd2 Rxf1+ 19. Rxf1 Rb8 20. Nc4 Ne5 21. Bxe5
Bxe5 22. Qf3 Bd4+ 23. Kh1 b6 24. Qf4 Rb7 25. Kg2 Bg7 26. Bd3 Qc7 27. Ra1 Qd8
28. Qf3 Rf7 29. Qe2 Bd7 30. Nd2 b5 31. axb5 axb5 32. Bxb5 Bxb5 33. Qxb5 Nc7 34.
Qe2 Qe8 35. Qd3 Bd4 36. Rf1 Qf8 37. Rxf7 Qxf7 38. Qf3 Qg7 39. Nc4 Qe7 40. Qf4
Ne8 41. Nb5 g5 42. Qf5 Bg7 43. b3 Kh8 44. Kf3 Bf6 45. Qc8 Kg7 46. Ke3 Ba1 47.
Kd3 Be5 48. Ne3 1-0

[Event "Scottish International Open"]
[Site "Edinburgh, Scotland"]
[Date "2015.07.11"]
[Round "1"]
[White "Campbell, Eoin"]
[Black "Petesch, Gabriel N"]
[Result "0-1"]
[WhiteElo "1839"]
[BlackElo "2242"]
[PlyCount "106"]
[EventDate "2015.??.??"]
[Source "ChessScotland"]
[SourceDate "2015.07.19"]

1. d4 Nf6 2. c4 e6 3. g3 Bb4+ 4. Bd2 a5 5. Bg2 Nc6 6. Nf3 d5 7. Qc2 dxc4 8.
Qxc4 Ne4 9. Bxb4 axb4 10. O-O Ra5 11. Rc1 e5 12. e3 O-O 13. Nxe5 Nxe5 14. dxe5
Rc5 15. Qf1 Rxe5 16. a3 bxa3 17. Rxa3 c6 18. Nc3 Nxc3 19. Rcxc3 Be6 20. Qa1 h6
21. h4 Rb5 22. Bf3 g5 23. hxg5 hxg5 24. Kg2 Qd2 25. b3 g4 26. Be4 f5 27. Bd3
Bd5+ 28. Kf1 Rc5 29. Rxc5 Qxd3+ 30. Kg1 Kf7 31. b4 Qe4 32. Rxd5 Qxd5 33. Ra5
Qd7 34. Qe5 Kg6 35. e4 Rf6 36. exf5+ Rxf5 37. Qe4 Qd1+ 38. Kh2 Qf3 39. Qe8+ Kh7
40. Qe7+ Kh6 41. Rxf5 Qxf5 42. Qxb7 Qxf2+ 43. Kh1 Qf1+ 44. Kh2 Qh3+ 45. Kg1
Qxg3+ 46. Kf1 Qf3+ 47. Kg1 Qd5 48. Qb8 Kg5 49. Qf8 g3 50. Qe7+ Kf5 51. Qh7+ Kg4
52. Qg6+ Kf3 53. Qf6+ Ke2 0-1

[Event "Scottish International Open"]
[Site "Edinburgh, Scotland"]
[Date "2015.07.11"]
[Round "1"]
[White "Brown, Alan M"]
[Black "Aitchison, A Keith"]
[Result "1/2-1/2"]
[WhiteElo "2082"]
[BlackElo "1837"]
[PlyCount "145"]
[EventDate "2015.??.??"]
[Source "ChessScotland"]
[SourceDate "2015.07.19"]

1. d4 Nf6 2. c4 g6 3. Nc3 d5 4. Bf4 c6 5. e3 Bg7 6. Nf3 O-O 7. Qb3 b6 8. cxd5
Nxd5 9. Nxd5 cxd5 10. Rc1 Bg4 11. Ne5 Be6 12. Be2 f6 13. Nd3 Bf7 14. Bf3 e6 15.
O-O Nd7 16. Bc7 Qe7 17. Nb4 Nc5 18. dxc5 Qxc7 19. c6 a5 20. Nd3 Rfd8 21. Rc2 e5
22. Be2 d4 23. Qa4 e4 24. exd4 exd3 25. Bxd3 f5 26. Bc4 Rxd4 27. Bxf7+ Kxf7 28.
Qb3+ Kf8 29. Re1 Rad8 30. g3 R8d6 31. Qb5 Rd1 32. Rxd1 Rxd1+ 33. Kg2 Rd6 34. a3
Bd4 35. b4 axb4 36. axb4 Rd8 37. Qa6 Rb8 38. b5 Qe5 39. Qa3+ Bc5 40. Qd3 Re8
41. f3 Qd6 42. Qc3 Qd4 43. Qxd4 Bxd4 44. Rc4 Be5 45. Rc2 Bc7 46. Rd2 Rd8 47.
Ra2 Ke7 48. Kf2 Kd6 49. Rc2 Kd5 50. Ke3 Re8+ 51. Kf2 Re7 52. f4 Re4 53. Rd2+
Rd4 54. Rc2 Kd6 55. Ke3 Rd5 56. Rb2 Bd8 57. Rb1 h6 58. h4 Bf6 59. Rb4 Rc5 60.
Rb1 Rc3+ 61. Kf2 Bd4+ 62. Kg2 Rc2+ 63. Kh1 Ra2 64. Rb3 Rb2 65. Rd3 Rb4 66. Kg2
Rb2+ 67. Kh1 Rb4 68. Kg2 Rc4 69. Rd1 Ra4 70. Kf3 Ra3+ 71. Kg2 Ra2+ 72. Kh3 Ra4
73. Kg2 1/2-1/2

[Event "Scottish International Open"]
[Site "Edinburgh, Scotland"]
[Date "2015.07.11"]
[Round "1"]
[White "Schmerwitz, Reinhard"]
[Black "Olson, Hamish"]
[Result "1/2-1/2"]
[WhiteElo "1829"]
[BlackElo "2079"]
[PlyCount "130"]
[EventDate "2015.??.??"]
[Source "ChessScotland"]
[SourceDate "2015.07.19"]

1. e4 c5 2. Nf3 Nc6 3. d4 cxd4 4. Nxd4 Nf6 5. Nc3 e5 6. Ndb5 h6 7. Nd6+ Bxd6 8.
Qxd6 Qe7 9. Qxe7+ Kxe7 10. Be3 d6 11. f3 Be6 12. O-O-O a6 13. h4 b5 14. Kb1 Nb8
15. g3 Nbd7 16. Bh3 Rac8 17. g4 b4 18. Ne2 d5 19. g5 hxg5 20. Bxg5 Bxh3 21.
Rxh3 Ke6 22. exd5+ Nxd5 23. f4 f6 24. f5+ Kd6 25. Bc1 N7b6 26. h5 Ke7 27. Ng3
Rc4 28. h6 gxh6 29. Bxh6 Rg4 30. Nf1 Kf7 31. Rh2 Rg1 32. Kc1 Ne7 33. Be3 Rxf1
34. Rxh8 Rxd1+ 35. Kxd1 Nbd5 36. Bc5 Nxf5 37. Ke2 Ke6 38. Ra8 Nf4+ 39. Kf3 Kd5
40. Bf2 Nd4+ 41. Bxd4 Kxd4 42. Rxa6 Nd5 43. Ra8 f5 44. Rh8 e4+ 45. Kf2 f4 46.
Rd8 f3 47. a4 bxa3 48. bxa3 Kc4 49. a4 Nb4 50. Rc8+ Kd5 51. a5 Ke5 52. c3 Nd5
53. a6 Kf4 54. Rf8+ Kg4 55. c4 e3+ 56. Ke1 Nb4 57. Re8 Nxa6 58. Rxe3 Kf4 59.
Ra3 Nc5 60. Ra5 Ne4 61. Ra3 f2+ 62. Kf1 Nd2+ 63. Kxf2 Ke4 64. Rc3 Kd4 65. c5
Ne4+ 1/2-1/2

[Event "Scottish International Open"]
[Site "Edinburgh, Scotland"]
[Date "2015.07.11"]
[Round "1"]
[White "Rubio, Luis"]
[Black "Gillies, Craig"]
[Result "1-0"]
[WhiteElo "1826"]
[BlackElo "1582"]
[PlyCount "89"]
[EventDate "2015.??.??"]
[Source "ChessScotland"]
[SourceDate "2015.07.19"]

1. e4 d5 2. exd5 Nf6 3. c4 c6 4. Nc3 cxd5 5. cxd5 Nxd5 6. Bc4 Nxc3 7. bxc3 Bf5
8. Qf3 Qc8 9. Bd5 Nc6 10. Ba3 Ne5 11. Qe3 Nc4 12. Qc5 Nxa3 13. Qxa3 Bd7 14. Qb3
Be6 15. Bxe6 Qxe6+ 16. Qxe6 fxe6 17. Rb1 O-O-O 18. Nf3 g6 19. Ke2 Bg7 20. Rhd1
Rhf8 21. a4 Rf5 22. Rb5 Rd6 23. Rdb1 Rxb5 24. axb5 h6 25. c4 b6 26. d3 Kd7 27.
Rb3 Ke8 28. Ne1 Bd4 29. Ra3 Rd7 30. Ra2 Bc5 31. Nf3 Bd6 32. d4 g5 33. h3 Rc7
34. Kd3 Kf7 35. Rc2 Kf6 36. g4 Rd7 37. Ke4 Rc7 38. Nd2 Bf4 39. Nb3 Bd6 40. c5
Kf7 41. cxd6 Rxc2 42. d7 Rb2 43. Nc1 Rxf2 44. d8=Q Rh2 45. Nd3 1-0